000 00368nam a22001697a 4500
003 UA-OsUOA
001 1293
007 ta
008 20050721b un ||||| |||| 00| 0 ukr d
100 _aJoint
700 _aPierre
942 _cBK
040 _aUA-OsUOA
_cUA-OsUOA
_dUA-OsUOA
245 _aLa Geographie de l'Europe des 12
_bFrench
955 _a2
650 7 _2UDC
999 _c287455
_d287455